Tradičné a regionálne produkty z pohľadu spotrebiteľov diplomová práca

Enregistré dans:
Détails bibliographiques
Auteur principal: Kostolániová, Bianka
Collectivité auteur: Obchodná fakulta EU. Katedra tovaroznalectva a kvality tovaru
Autres auteurs: Krnáčová, Paulína, 1983-
Format: Livre
Langue:slovaque
Publié: Bratislava 2020
Tags: Ajouter un tag
Pas de tags, Soyez le premier à ajouter un tag!

MARC

LEADER 00000nbm a2200000 4500
001 0266392
005 20201009092507.0
041 0 |a slo 
044 |a SK 
245 1 0 |a Tradičné a regionálne produkty z pohľadu spotrebiteľov  |b diplomová práca  |c Bianka Kostolániová ; školiteľ: Paulína Krnáčová 
264 1 |a Bratislava  |c 2020 
300 |a 64 s. 
100 1 |a Kostolániová, Bianka 
700 1 |a Krnáčová, Paulína, 1983- 
710 2 |a Obchodná fakulta EU. Katedra tovaroznalectva a kvality tovaru